000 00346nam a2200133Ia 4500
008 240624s9999 xx 000 0 und d
041 _aeng
082 _a658.4012 CHR
100 _aCHRISTENSEN
245 _aROADMAP TO STRATEGIC HR TURNING A GREAT
260 _c2008
_aNew Delhi
_bPHI Learning
300 _a270 : p. : cm. ; 24
365 _cRS
_b35
999 _c21045
_d21045